000 00450nam a2200145Ia 4500
008 100122s9999 xx 000 0 und d
082 _b28465
_a823
100 _aबोरकर वि ज
245 _aमाती आणि आदेउश
260 _bमौज प्रकाशन गृह
_c1979
300 _a154
630 _aमाती आणि आदेउश
730 _aमाती आणि आदेउश
942 _cBOOK
999 _c414094
_d414091